| 000 | 00000nas 2200000zi 4500 |
| 001 | 9.950432 |
| 003 | CaOODSP |
| 005 | 20250703094246 |
| 006 | m o d f |
| 007 | cr cn |||||||| |
| 008 | 250424c20239999oncar p o s f0###a0eng|d |
| 022 | |a2819-2419 |
| 040 | |aCaOODSP|beng|erda|cCaOODSP |
| 043 | |an-cn--- |
| 086 | 1 |aHP37-54E-PDF |
| 110 | 2 |aCanadian Integrated Program for Antimicrobial Resistance Surveillance.|eauthor. |
| 222 | 0|aCanadian Integrated Program for Antimicrobial Resistance Surveillance (CIPARS) key and integrated findings |
| 245 | 10|aCanadian Integrated Program for Antimicrobial Resistance Surveillance (CIPARS) key and integrated findings. |
| 246 | 30|aKey and integrated findings |
| 264 | 1|aOttawa, ON : |bPublic Health Agency of Canada = Agence de la santé publique du Canada, |c2025- |
| 310 | |aAnnual |
| 336 | |atext|btxt|2rdacontent |
| 337 | |acomputer|bc|2rdamedia |
| 338 | |aonline resource|bcr|2rdacarrier |
| 362 | 1 |aBegan with: 2023. |
| 500 | |aIssued also in French under title: Faits saillants et résultats intégrés du Programme intégré canadien de surveillance de la résistance aux antimicrobiens (PICRA). |
| 588 | |aDescription based on: 2023; title from PDF cover page. |
| 588 | |aLatest issue consulted: 2023. |
| 610 | 20|aCanadian Integrated Program for Antimicrobial Resistance Surveillance |vPeriodicals. |
| 650 | 0|aDrug resistance in microorganisms|zCanada|vStatistics|vPeriodicals. |
| 650 | 0|aAnti-infective agents in veterinary medicine|zCanada|vStatistics|vPeriodicals. |
| 655 | 7|aPeriodicals|2lcgft |
| 655 | 7|aStatistics|2lcgft |
| 710 | 2 |aPublic Health Agency of Canada, |eissuing body. |
| 775 | 08|tFaits saillants et résultats intégrés du Programme intégré canadien de surveillance de la résistance aux antimicrobiens (PICRA).|w(CaOODSP)9.950433 |